|
|
|
|
| LEADER |
00610cam a2200181 7i4500 |
| 001 |
0000004264 |
| 005 |
20090902090000.0 |
| 020 |
|
|
|a 9780471223818
|
| 020 |
|
|
|a 0471223816 (hbk.)
|
| 090 |
0 |
0 |
|a QA278
|b .S65 2002
|
| 100 |
1 |
|
|a Srivastava, M. S
|
| 245 |
1 |
0 |
|a Methods of multivariate statistics
|c M. S. Srivastava.
|
| 260 |
|
|
|a New York:
|b John Wiley & Sons,
|c 2002.
|
| 300 |
|
|
|a xix, 697 p.:
|b ill.;
|c 26 cm.
|
| 490 |
0 |
|
|a Wiley series in probability and statistics
|
| 504 |
|
|
|a Includes bibliography reference and index
|
| 650 |
0 |
0 |
|a Multivariate analysis
|
| 999 |
|
|
|a 0000004787
|b BOK
|c OPEN SHELF
|e 2nd Floor, Bestari Jaya
|